| 000 | 00711nam a22002537a 4500 | ||
|---|---|---|---|
| 005 | 20170330182509.0 | ||
| 008 | 170330b xxu||||| |||| 00| 0 spa d | ||
| 020 | _a9786071717849 | ||
| 041 | _aeng | ||
| 082 | _a1.0.56 A173p2 | ||
| 100 |
_aAcerenza, Miguel Ángel _925846 |
||
| 245 | _aPolítica turística y planificación del turismo | ||
| 260 | _aMéxico | ||
| 260 | _bTrillas | ||
| 260 | _c2014 | ||
| 300 | _a120 páginas | ||
| 650 |
_aTURISMO _9894 |
||
| 650 |
_aADMINISTRACIÓN _9268 |
||
| 650 |
_aPOLÍTICA TURÍSTICA _926536 |
||
| 650 |
_aPLANIFICACIÓN DEL TURISMO _941786 |
||
| 650 |
_aPLANIFICACIÓN ESTRATÉGICA _941787 |
||
| 650 |
_aPLANIFICACIÓN OPERACIONAL _927456 |
||
| 942 | _cBK | ||
| 999 |
_c9187 _d9187 |
||